=LDR 00000nam 2200000 4500 =001 NUTBA000000000002073 =005 20140602124006.0 =006 =007 =008 =020 ##$$a 978-979-29-2914-1 =035 ##$$a 0010-061400000000016 =040 ##$$a NBPDMAT =082 ##$$a 641.5 =090 ##$$a 641.5 $b Ara s =100 ##$$a Ara rossi =245 ##$$a 101 resep sambal mak nyuuuss / $c Ara Rossi =250 ##$$a Ed.1 =260 ##$$a Yogyakarta : $b G.Media, $c 2010 =300 ##$$a xxi, 105 hlm. : $b ilus. ; $c 15 cm. =500 ##$$a Bibliografi : hlm. 106 =650 ##$$a Masakan - Resep =850 ##$$a NBPDMAT =990 ##$$a 21400357 =990 ##$$a 0001/BPAP-NTB/20142014 =990 ##$$a 0001/BPAP-NTB/20142014 =990 ##$$a 77457745 =990 ##$$a 21400357 =990 ##$$a 21400358 =990 ##$$a 21400359 =990 ##$$a 21400360 =990 ##$$a 21400361 =990 ##$$a 0001/BPAP-NTB/20142014 =990 ##$$a 0001/BPAP-NTB/20142014 =990 ##$$a 01201807745